Historia 2 : desde los tiempos modernos hasta el nacimiento de la nación argentina /

Guardado en:
Autor Principal: Ibañez, José Cosmelli
Formato: Libro
Publicado: Buenos Aires : Troquel, 1980
Edición:8a. ed.
Materias:
Etiquetas: Agregar Etiqueta
Sin Etiquetas, Sea el primero en etiquetar este registro!
LEADER 01865nam a22002415a 4500
001 CEM.cems015932
008 130507s1980##################000#0#####d
005 20210826184316.0
003 CEMS
245 1 0 |a Historia 2 :  |b desde los tiempos modernos hasta el nacimiento de la nación argentina /  |c José Cosmelli Ibañez 
250 |a 8a. ed. 
260 |a Buenos Aires :  |b Troquel,  |c 1980 
300 |a 609 p. 
500 |a De acuerdo con los contenidos mínimos aprobados por el Ministerio de Cultura y Educación de la Nación, correspondientes al 2o. año del Ciclo Básico. 
505 0 |a El surgimiento del mundo nuevo -- La Edad Moderna -- El Renacimiento -- Los descubrimientos -- Conquista de América -- Predominio español -- Fin de la hegemonía española -- Europa en el siglo XVII -- El Río de la Plata, fundaciones -- Pretensiones extranjeras -- América en el siglo XVIII -- Las nuevas ideas -- Los Borbones en España -- Virreinato del Río de la Plata -- Inglaterra en el siglo XVIII -- Acción revolucionaria en América -- Revolución francesa -- Napoleón Bonaparte -- Invasiones inglesas -- Revolución de Mayo -- La Independencia hispanoaméricana -- La Revolución en Europa -- Primer Triunvirato -- Acontecimientos militares (1812-14) -- La Asamblea del año 13 -- El Congreso de Tucumán -- Constitución de 1819 -- La hazaña libertadora -- Autonomías provinciales y unidad nacional -- El federalismo -- Disolución del régimen nacional -- Dorrego -- La ciudad y la campaña 
020 |a 9501663418 
100 1 |a Ibañez, José Cosmelli 
082 0 4 |a 940.2 
653 |a Historia 
653 |a Historia moderna y contemporánea 
859 |a CEMS  |b BIB. CEMS - Agricultura  |h 940.2  |i Ib1-2a8  |p A17394.93  |t Ej.1 
859 |a CEMS  |b BIB. CEMS - 11 de abril  |h 940.2  |i Ib1-2  |p 8168.80  |t Ej.1 
859 |a CEMS  |b BIB. CEMS - 11 de abril  |h 940.2  |i Ib1-2  |p 10009.81  |t Ej.2